000 00349nam a22001337a 4500
008 250716b |||||||| |||| 00| 0 eng d
020 _a81296179
050 _aHC497
_b.E26
245 _aEconomic Development and Economic Growth
260 _aToronto
_bBurns And MacEachern Ltd.
_c1972
300 _a286p.
650 _aEconomic Condition
942 _cBK
999 _c4328
_d4328